Rozpoznaj film po postaci #2 -Kino zagraniczne - Statystyki

Ogólne statystyki
  • Ten quiz został rozwiązany 3 240 razy
    3 197 od ostatniego zresetowania
  • Średni wynik to 17 z 55
Statystyki odpowiedzi
Lp. Imię Postaci Tytuł Filmu % Poprawnych
3 Luke Skywalker Gwiezdne Wojny
97%
22 John Rambo Pierwsza Krew
85%
26 Peter Parker Spider-Man
84%
20 Rocky Balboa Rocky
83%
1 Don Vito Corleone Ojciec Chrzestny
82%
2 Aragorn Władca Pierścieni
81%
5 Neo Matrix
80%
25 Ron Weasley Harry Potter
79%
11 Kevin McCallister Kevin Sam w Domu
73%
21 Leonidas 300
66%
48 Hannibal Lecter Milczenie Owiec
61%
8 Maximus Gladiator
58%
36 Fred Krueger Koszmar z Ulicy Wiazów
54%
29 Peter Quill / Star Lord Strażnicy Galaktyki
50%
27 Sub-Zero Mortal Kombat
45%
9 Marty McFly Powrót do Przyszłości
41%
46 Vincent Vega Pulp Fiction
37%
35 Jason Voorhees Piątek Trzynastego
34%
43 Tony Montana Człowiek z Blizną
33%
13 John McClane Szklana Pułapka
33%
37 Michael Myers Halloween
28%
23 Ellen Ripley Obcy
28%
32 Maverick Top Gun
28%
16 V V jak Vendetta
28%
55 El Mariachi Desperado
27%
10 William Wallace Waleczne Serce
23%
18 Jack Torrance Lśnienie
21%
34 Tyler Durden Podziemny Krąg
21%
40 James T. Kirk Star Trek
21%
24 Kyle Reese Terminator
19%
39 Vassili Zaitsev (snajper) Wróg u Bram
19%
17 John Nash Piękny Umysł
18%
4 James Conway Chłopcy z Ferajny
14%
15 The Dude Big Lebowski
13%
19 Max Rockatansky Mad Max
12%
42 Charles Foster Kane Obywatel Kane
11%
51 Jim Levenstein American Pie
10%
14 Rick Deckard Łowca Androidów
10%
12 Jake La Motta Wściekły Byk
9%
47 Dominic Cobb Incepcja
8%
31 Danny Zuko Grease
7%
41 Marion Ravenwood Indiana Jones: Poszukiwacze Zaginionej Arki
7%
28 Connor MacLeod Nieśmiertelny
7%
38 Barney Ross Niezniszczalni
6%
44 Dutch Predator
5%
45 Ludovic Cruchot Żandarm z Saint-Tropez
5%
52 Snake Plissken Ucieczka z Nowego Jorku
4%
30 Teddy Daniels Wyspa Tajemnic
4%
50 Atticus Finch Zabić Drozda
4%
49 David 'Noodles' Aaronson Dawno Temu w Ameryce
3%
7 Doktor Dave Bowman 2001: Odyseja Kosmiczna
2%
6 Rick Blaine Casablanka
1%
54 Jack Traven Niebezpieczna Prędkość
1%
53 Marty DiBergi / Zespół Spinal Tap Oto Spinal Tap
1%
33 John Anderton Raport Mniejszości
1%
Nie znaleziono quizów pasujących do podanych kryteriów
Rozkład punktacji
Procent ludzi z każdym wynikiem
Percentyl według liczby udzielonych odpowiedzi
Twoja historia wyników
Nie rozwiązałeś tego quizu od ostatniego zresetowania